Ultra-Trail - Coureurs par images - Statistiques

Statistiques générales
  • Ce quiz a été pris 172 fois
  • Le résultat moyen est 10 sur 24
Statistiques - réponses
Par images Réponse % Correct
Kilian Jornet 🇪🇸
99%
Mathieu Blanchard 🇫🇷
94%
Alexandre Boucheix ("Casquette Verte") 🇫🇷
86%
Ludovic Pommeret 🇫🇷
79%
François D'Haene 🇫🇷
78%
Jim Walmsley 🇺🇸
69%
Courtney Dauwalter 🇺🇸
65%
Tom Evans 🇬🇧
62%
Blandine L'Hirondel 🇫🇷
61%
Xavier Thévenard 🇫🇷
53%
Vincent Bouillard 🇫🇷
51%
Katie Schide 🇺🇸
36%
Dawa Sherpa 🇳🇵
30%
Francesco Puppi 🇮🇹
25%
Pau Capell 🇪🇸
25%
Ruth Croft 🇳🇿
23%
Jonathan Albon 🇬🇧
17%
Marco Olmo 🇮🇹
14%
Emelie Forsberg 🇸🇪
10%
Daniel Jones 🇳🇿
3%
Elizabeth Hawker 🇬🇧
3%
Francesca Canepa 🇮🇹
1%
Fuzhao Xiang 🇨🇳
1%
Scott Jurek 🇺🇸
1%
Aucun quiz correspondant
Distribution des résultats
% des personnes avec chaque résultat
Percentile par nombre de réponses
Votre historique - résultats
Vous n’avez pas pris ce quiz